1772 1126 1716 1815 2000 1062 1158 1615 1241 1672 1006 1775 1961 1609 1885 1736 1227 1722 1504 1579 1497 1230 1384 1811 1942 1047 1300 1824 1631 1875 1008 1172 1473 1178 1430 1480 1398 1582 1555 1408 1876 1444 1279 1437 1701 1426 1923 1946 1492 1373 1881 1849 1564 1061 1824 1615 1926 1876 1328 1114 1625 1739 1138 1944 1807 1552 1170 1966 1832 1852 1497 1355 1527 1627 1543 1884 1282 1717 1305 1050 1978 1800 1003 1881 1793 1491 1199 1713 1076 1581 1081 1788 1085 1784 1164 1503 1436 1288 1067 BCNSPRNW ULIB Ver.6.0+V

เปลี่ยนเป็นภาษาไทย

Change to English
 แสดงรายละเอียดบรรณานุกรม
  กลับหน้าหลัก

Brief Record : Get Marc (ISO 2709) : E-mail record : QR code < ปิดหน้าต่าง
LEADER : 00000nam 2200000uu 4500
001    13399111358
003     ULIB
008    110623s2552||||th 000 0 tha d
020    9786165070041
060 04 QU145^bว432ร 2552
100 0  วันทนีย์ เกรียงสินยศ
245 10 รู้กิน-รู้โรค /^cโดยวันทนีย์ เกรียงสินยศ
250    พิมพ์ครั้งที่ 1
260    กรุงเทพฯ :^bหมอชาวบ้าน,^c2552
300    121 หน้า :^bภาพประกอบ ;^c21 ซม.
650  7 โภชนบำบัด
650  7 โรค^xการป้องกันและควบคุม
650  7 อาหารเพื่อสุขภาพ
945    ^p165^l0^i17757
995    กัณชพร
999 ^a ใช้งานได้ทุกระบบ
รายการนี้ยังไม่มีแท็ก
คุณยังไม่ได้ล็อกอิน คุณสามารถมีกิจกรรมร่วมกับเว็บไซต์ได้ แต่ต้องล็อกอินก่อน ::
  ล็อกอิน

รายการสื่อสารสนเทศ

ลำดับที่ ประเภท เลขเรียก/บาร์โค้ด สถานที่ สถานะ
- ไม่พบข้อมูล -

รายการใกล้เคียง
    ผู้แต่ง [วันทนีย์ เกรียงสินยศ]

    หัวเรื่อง [โภชนบำบัด]
    หัวเรื่อง [อาหารเพื่อสุขภาพ]

BibComment


ยังไม่เคยถูกคอมเมนท์

คอมเมนท์ทรัพยากรรายการนี้
  คอมเมนท์: รู้กินรู้โรค โดย..


 Copyright 2026. Bcnsprnw @Library